书目信息 |
| 题名: |
中外影视剧歌曲大观
|
|
| 作者: | 贾涛 编 | |
| 分册: | ||
| 出版信息: | 哈尔滨 北方文艺出版社 1997.03 |
|
| 页数: | 715页 | |
| 开本: | 32开 | |
| 丛书名: | ||
| 单 册: | ||
| 中图分类: | J642.47 | |
| 科图分类: | ||
| 主题词: | 音乐--作品--中国 | |
| 电子资源: | ||
| ISBN: | 7-5317-0941-4 | |
| 000 | 00559nam0 2200193 45 | |
| 001 | 0011142024 | |
| 005 | 20001114203211.0 | |
| 010 | @a7-5317-0941-4@d29.80元 | |
| 100 | @a20001114d1997 km y0chiy0120 ea | |
| 101 | 0 | @achi |
| 105 | @a z 000yy | |
| 200 | 1 | @a中外影视剧歌曲大观@AZhong Wai Ying Shi Ju Ge Qu Da Guan@f贾涛编@FJia Tao Bian |
| 210 | @a哈尔滨@c北方文艺出版社@d1997.03 | |
| 215 | @a715页@d32开 | |
| 606 | 0 | @a音乐@x作品@x中国 |
| 690 | @aJ642.47@v3 | |
| 701 | 0 | @a贾涛@4编 |
| 801 | @aCN@bPftUser@c20001114 | |
| 905 | @b406068-072@dJ642.47@eJ.150@f5 | |
| 中外影视剧歌曲大观/贾涛编.-哈尔滨:北方文艺出版社,1997.03 |
| 715页;32开 |
| ISBN 7-5317-0941-4:29.80元 |
| ● |
| 相关链接 |
|
|
|
正题名:中外影视剧歌曲大观
索取号:J642.47/J.150
 
预约/预借
| 序号 | 登录号 | 条形码 | 馆藏地/架位号 | 状态 | 备注 |
| 1 | 406068 | 204060684 | 社科库309/ [索取号:J642.47/J.150] |
已借出,限还日期为2020.10.12 借出人:郑豪民 |
|
| 2 | 406069 | 204060693 | 社科库309/309社科库 93排4列3层/ [索取号:J642.47/J.150] | 在馆 | |
| 3 | 406070 | 204060700 | 社科库309/ [索取号:J642.47/J.150] | 在馆 | |
| 4 | 406071 | 204060719 | 社科库309/309社科库 93排4列3层/ [索取号:J642.47/J.150] | 在馆 | |
| 5 | 406072 | 204060728 | 社科库309/ [索取号:J642.47/J.150] | 在馆 |